000 00294nam a22001337a 4500
008 170613b xxu||||| |||| 00| 0 eng d
020 _a9780806139449
041 _aeng
080 _a94(7/8)
100 _a19
101 _aSHH
245 _aA LETTER TO AMERICA
_cBOREN.D
942 _2udc
_cBK
999 _c17076
_d17076